000 03321cam a22006735i 4500
999 _c17190
_d17190
001 22116022
003 OSt
005 20220711101637.0
008 210706t20222022enka b 001 0 eng d
010 _a 2021942476
015 _aGBC207391
_2bnb
016 7 _a020450987
_2Uk
020 _a1509549013
_q(hardback)
020 _a9781509549016
_q(hardback)
020 _a1509549021
_q(paperback)
020 _a9781509549023
_q(paperback)
035 _a(OCoLC)on1250204799
040 _aYDX
_beng
_cYDX
_erda
_dBDX
_dUKMGB
_dCDX
_dVU@
_dOCLCO
_dOCLCF
_dGZN
_dQGQ
_dXFF
_dOPV
_dDLC
041 1 _aeng
_hdut
042 _alccopycat
043 _as-sr---
082 0 4 _a2022
_2DC 306.36209883
_bD369
084 _a15.85
_2bcl
100 1 _aKom, A. de
_q(Anton),
_d1898-1945,
_eauthor.
_945657
240 1 0 _aWij slaven van Suriname.
_lEnglish
245 1 0 _aWe slaves of Suriname /
_cAnton de Kom ; translated by David McKay.
264 1 _aCambridge, UK ;
_aMedford, MA :
_bPolity Press,
_c[2022]
264 4 _c©2022
300 _ax, 248 pages:
_billustrations;
_c23 cm.
336 _atext
_btxt
_2rdacontent
337 _aunmediated
_bn
_2rdamedia
338 _avolume
_bnc
_2rdacarrier
500 _aIncludes index.
505 0 _aFrimangron / Tessa Leuwsha -- The breath of freedom / Duco van Oostrum -- Why Anton de Kom still inspires generation after generation / Mitchell Esajas -- Foreword / Judith de Kom -- We slaves of Suriname -- "Sranan," our fatherland -- The era of slavery -- The era of "freedom" -- Reunion and farewell.
520 _aAnton de Kom's We Slaves of Suriname is a literary masterpiece as well as a fierce indictment of racism and colonialism. In this classic book, published here in English for the first time, the Surinamese writer and resistance leader recounts the history of his homeland, from the first settlements by Europeans in search of gold through the era of the slave trade and the period of Dutch colonial rule, when the old slave mentality persisted, long after slavery had been formally abolished. --from back cover.
650 0 _aSlave trade
_zSuriname.
_945658
650 0 _aAntislavery movements
_zSuriname.
_945659
650 0 _aSlaves
_xEmancipation
_zSuriname.
_945660
650 0 _aSlavery
_zSuriname
_xHistory.
_945661
650 0 _aRacism
_zSuriname
_xHistory.
_945662
650 6 _aEsclaves
_xCommerce
_zSuriname.
_945663
650 6 _aMouvements antiesclavagistes
_zSuriname.
_945664
650 6 _aEsclaves
_xAffranchissement
_zSuriname.
_945665
650 6 _aRacisme
_zSuriname
_xHistoire.
_945666
650 7 _aAntislavery movements.
_2fast
_0(OCoLC)fst00810800
_945667
650 7 _aRacism.
_2fast
_0(OCoLC)fst01086616
_944121
650 7 _aSlave trade.
_2fast
_0(OCoLC)fst01120405
_931219
650 7 _aSlavery.
_2fast
_0(OCoLC)fst01120426
_940185
650 7 _aSlaves
_xEmancipation.
_2fast
_0(OCoLC)fst01120540
_945668
651 0 _aSuriname
_xHistory.
_945669
651 6 _aSuriname
_xHistoire.
_945670
651 7 _aSuriname.
_2fast
_0(OCoLC)fst01204607
_945671
655 7 _aHistory.
_2fast
_0(OCoLC)fst01411628
_944856
700 1 _aMcKay, David,
_d1973-
_etranslator.
_945672
906 _a0
_bibc
_ccopycat
_d2
_encip
_f20
_gy-gencatlg
942 _2ddc
_cDC